[Event "London Classic CSC op U2000 7th"]
[Site "London"]
[Date "2015.12.05"]
[Round "3"]
[White "Gursel, Mehmet Cagri"]
[Black "Hjort, Helge"]
[Result "0-1"]
[WhiteElo "1811"]
[BlackElo "1949"]
[PlyCount "116"]
[EventDate "2015.12.04"]
[EventType "swiss"]
[EventRounds "5"]
[EventCountry "ENG"]
[SourceTitle "CBM 169 Extra"]
[Source "ChessBase"]
[SourceDate "2015.12.18"]
[SourceVersion "1"]
[SourceVersionDate "2015.12.18"]
[SourceQuality "1"]

1. Nf3 Nf6 2. c4 e6 3. b3 c6 4. Bb2 d5 5. e3 Nbd7 6. d4 Ne4 7. a3 Be7 8. Bd3 Ndf6 9. 0-0 0-0 10. Ne5 Nd7 11. Bxe4 dxe4 12. Nd2 f5 13. Nxd7 Bxd7 14. f3 exf3 15. Nxf3 Qc7 16. Qc2 c5 17. Rad1 Bc6 18. d5 exd5 19. cxd5 Bb5 20. Rfe1 Bf6 21. e4 fxe4 22. Rxe4 Rae8 23. Bxf6 gxf6 24. Rf4 Kh8 25. Nd4 Bd7 26. Rh4 Rf7 27. Nf3 Qd6 28. Qc3 Kg8 29. Qd3 Rg7 30. Rf1 Rg6 31. Nd2 f5 32. Rhf4 Re5 33. Ne4 Rxd5 34. Nxd6 Rxd3 35. Nxf5 Bxf5 36. Rxf5 Rxb3 37. Rxc5 Kg7 38. g3 Rc6 39. Rd5 Rc7 40. a4 Rb2 41. Rg5+ Kh6 42. h4 Rg7 43. Rxg7 Kxg7 44. Rf4 h5 45. Kf1 Kg6 46. Kg1 b6 47. Kf1 a6 48. Kg1 b5 49. axb5 axb5 50. Kf1 b4 51. Ke1 b3 52. g4 Rh2 53. gxh5+ Kxh5 54. Rb4 b2 55. Kd1 Rg2 56. Rb8 Rh2 57. Rb4 Rf2 58. Ke1 Rc2 0-1

[Event "Istanbul op-B 10th"]
[Site "Istanbul"]
[Date "2011.09.18"]
[Round "9"]
[White "Bilgin, Murat Evrensel"]
[Black "Gursel, Mehmet Cagri"]
[Result "0-1"]
[WhiteElo "1865"]
[BlackElo "1863"]
[PlyCount "112"]
[EventDate "2011.09.12"]
[EventType "swiss"]
[EventRounds "9"]
[EventCountry "TUR"]
[SourceTitle "CBM 144 Extra"]
[Source "ChessBase"]
[SourceDate "2011.10.28"]
[SourceVersion "1"]
[SourceVersionDate "2011.10.28"]
[SourceQuality "1"]

1. Nf3 Nf6 2. c4 c5 3. g3 g6 4. b3 Bg7 5. Bb2 0-0 6. Bg2 Nc6 7. 0-0 d5 8. cxd5 Nb4 9. Na3 Nbxd5 10. Rc1 b6 11. d4 Nd7 12. Nc4 Bb7 13. Nfe5 Nxe5 14. dxe5 Rb8 15. a3 Bh6 16. Rc2 b5 17. Nd2 Nb6 18. Ne4 c4 19. e3 Qxd1 20. Rxd1 Rfd8 21. Bd4 cxb3 22. Rc5 Bxe4 23. Bxe4 Na4 24. Rc7 e6 25. Rb1 Rbc8 26. Rxc8 Rxc8 27. Rxb3 Rc1+ 28. Kg2 Nc5 29. Rb1 Rxb1 30. Bxb1 Bf8 31. Bc2 a6 32. Kf3 Be7 33. Bc3 Kf8 34. Ke2 Ke8 35. Kd2 Kd7 36. Bb4 Kc6 37. Kc3 Bd8 38. Kb2 Bb6 39. Bc3 Kd5 40. Bd4 a5 41. f3 Kc4 42. Bxc5 Bxc5 43. e4 Bg1 44. h3 Bh2 45. g4 Bxe5+ 46. Kb1 Bd6 47. a4 b4 48. Ka2 Kc3 49. Bb3 Be5 50. h4 h5 51. gxh5 gxh5 52. f4 Bxf4 53. Bd1 Bg3 54. Bxh5 Kc2 55. Bxf7 b3+ 56. Ka3 Bd6# 0-1

[Event "TUR-ch op"]
[Site "Antalya"]
[Date "2008.02.10"]
[Round "11.44"]
[White "Demircin, Kasim"]
[Black "Gursel, Mehmet Cagri"]
[Result "1/2-1/2"]
[WhiteElo "1659"]
[BlackElo "1729"]
[PlyCount "96"]
[EventDate "2008.02.04"]
[EventType "swiss"]
[EventRounds "11"]
[EventCountry "TUR"]
[SourceTitle "CBM 122 Extra"]
[Source "ChessBase"]
[SourceDate "2008.03.04"]
[SourceVersion "1"]
[SourceVersionDate "2008.03.04"]
[SourceQuality "1"]

1. e4 e6 2. Qe2 c5 3. Nc3 Nc6 4. g3 g6 5. Bg2 Bg7 6. Nf3 Nge7 7. a3 d5 8. exd5 exd5 9. d3 0-0 10. 0-0 Bg4 11. Bg5 f6 12. Bf4 Nd4 13. Nxd4 Bxe2 14. Ndxe2 g5 15. Bd2 Re8 16. f4 h6 17. f5 d4 18. Ne4 Rc8 19. g4 Nd5 20. b3 Bf8 21. N2g3 Bd6 22. Nh5 Be5 23. Rae1 Kf7 24. Rf2 b5 25. Rfe2 Ne3 26. c4 bxc4 27. bxc4 Qc7 28. h3 Nxg2 29. Kxg2 Rb8 30. a4 Rb3 31. Nexf6 Bxf6 32. Rxe8 Rxd3 33. Bc1 Rc3 34. R8e6 Qb7+ 35. Kg1 Rc2 36. Rxf6+ Kg8 37. Re8+ Kh7 38. Rxh6+ Kxh6 39. Rh8+ Qh7 40. Bxg5+ Kxg5 41. Rxh7 d3 42. Ng3 Kf4 43. Nf1 Kf3 44. Rd7 Rg2+ 45. Kh1 Kf2 46. Ne3 Rg3 47. Kh2 Rxe3 48. f6 Rg3 1/2-1/2

[Event "TUR-ch op"]
[Site "Antalya"]
[Date "2008.02.05"]
[Round "3.39"]
[White "Topaloglu, Hayati"]
[Black "Gursel, Mehmet Cagri"]
[Result "1-0"]
[WhiteElo "1948"]
[BlackElo "1729"]
[PlyCount "131"]
[EventDate "2008.02.04"]
[EventType "swiss"]
[EventRounds "11"]
[EventCountry "TUR"]
[SourceTitle "CBM 122 Extra"]
[Source "ChessBase"]
[SourceDate "2008.03.04"]
[SourceVersion "1"]
[SourceVersionDate "2008.03.04"]
[SourceQuality "1"]

1. e4 e6 2. d4 d5 3. Nd2 c5 4. c3 Nc6 5. Ngf3 cxd4 6. cxd4 Qb6 7. e5 Nxd4 8. Nxd4 Qxd4 9. Bb5+ Bd7 10. Bxd7+ Kxd7 11. Qe2 Qb6 12. 0-0 Ne7 13. Nb3 Nf5 14. g4 Nd4 15. Nxd4 Qxd4 16. Rd1 Qb6 17. Rd3 Bc5 18. Rb3 Qa6 19. Qf3 Rhf8 20. Be3 Bxe3 21. Qxe3 Rac8 22. Rd1 Rc4 23. Qg5 g6 24. h3 Qc6 25. Qh6 Ke8 26. Qxh7 Rc1 27. Rxc1 Qxc1+ 28. Kg2 Qc7 29. Qg7 b6 30. Rc3 Qb7 31. f3 d4 32. Rc2 d3 33. Rc3 Qd7 34. Rc1 d2 35. Rd1 Qd3 36. Kf2 Qd4+ 37. Ke2 Qxb2 38. Rxd2 Qb5+ 39. Kf2 Qc5+ 40. Kg2 Qc7 41. h4 Qe7 42. Kg3 Qb4 43. Qh6 Qc5 44. Qg5 Qe7 45. Qf4 b5 46. Qe4 Qc7 47. Rc2 Qd7 48. Rc6 a5 49. Qc2 Qd5 50. Rc8+ Qd8 51. Qc6+ Ke7 52. Rxd8 Rxd8 53. Qc5+ Ke8 54. Qxb5+ Kf8 55. Qxa5 Rd5 56. Qc3 Kg7 57. a4 Rd7 58. a5 Kh6 59. a6 f5 60. exf6 g5 61. Qe3 Kg6 62. Qxg5+ Kh7 63. Qh5+ Kg8 64. Qe8+ Kh7 65. Qxd7+ Kg6 66. Qg7# 1-0

[Event "TUR-ch op"]
[Site "Antalya"]
[Date "2008.02.04"]
[Round "2.73"]
[White "Gursel, Mehmet Cagri"]
[Black "Aslan, Ziver"]
[Result "1-0"]
[WhiteElo "1729"]
[BlackElo "1464"]
[PlyCount "83"]
[EventDate "2008.02.04"]
[EventType "swiss"]
[EventRounds "11"]
[EventCountry "TUR"]
[SourceTitle "CBM 122 Extra"]
[Source "ChessBase"]
[SourceDate "2008.03.04"]
[SourceVersion "1"]
[SourceVersionDate "2008.03.04"]
[SourceQuality "1"]

1. e4 c5 2. Nc3 e6 3. g3 Nc6 4. Bg2 g6 5. f4 Bg7 6. Nf3 Nge7 7. d3 0-0 8. 0-0 d6 9. Ne2 b5 10. g4 Qb6 11. Kh1 a5 12. Ng3 Bb7 13. Ng5 Bc8 14. f5 exf5 15. gxf5 f6 16. Nh3 Ne5 17. c3 Rb8 18. d4 cxd4 19. cxd4 Nf7 20. b3 b4 21. Bb2 Bb7 22. Nf4 Ba6 23. Re1 Bc8 24. Ne6 Bxe6 25. fxe6 Nd8 26. d5 Nb7 27. Rf1 Nc5 28. h4 Qa6 29. h5 Qd3 30. Qe1 gxh5 31. Nxh5 Ng6 32. Rd1 Qb5 33. Bxf6 Nd3 34. Qg3 Nde5 35. Bxg7 Rxf1+ 36. Rxf1 Qe2 37. Qh3 Qg4 38. Nf6+ Kxg7 39. Qxh7+ Kf8 40. Nxg4+ Ke8 41. Nxe5 Nxe5 42. Qg7 1-0